| 000 | 01158cam a2200337 i 4500 | ||
|---|---|---|---|
| 001 | 21745737 | ||
| 003 | OSt | ||
| 005 | 20230902161108.0 | ||
| 008 | 201007s2022 nyu b 001 0 eng | ||
| 010 | _a 2020947508 | ||
| 020 |
_a9781319263904 _q(paperback) |
||
| 020 | _a9781319263904 | ||
| 040 |
_aDLC _beng _erda _cDLC |
||
| 042 | _apcc | ||
| 050 | 0 | 0 |
_aHB172.5 _b.M357 2022 |
| 082 |
_a339 _bMAN/M |
||
| 100 |
_aMankiw, N Gregory _eauthor. _9458 |
||
| 245 | 1 | 0 |
_aMacroeconomics / _cN. Gregory Mankiw. |
| 250 | _aEleventh edition. | ||
| 264 | 1 |
_aNew York : _bWorth Publishers, _c[2022] |
|
| 300 |
_axxx, 557 pages ; _c28 cm |
||
| 336 |
_atext _btxt _2rdacontent |
||
| 337 |
_aunmediated _bn _2rdamedia |
||
| 338 |
_avolume _bnc _2rdacarrier |
||
| 504 | _aIncludes bibliographical references and index. | ||
| 520 |
_a"College textbook in the field of macroeconomics"-- _cProvided by publisher. |
||
| 650 | 0 | _aMacroeconomics. | |
| 906 |
_a7 _bcbc _corignew _d2 _eepcn _f20 _gy-gencatlg |
||
| 942 |
_2ddc _cBK _h339 _iMAN/M _k339 _mMAN/M |
||
| 999 |
_c42091 _d42091 |
||